Văn hóa ứng xử trong giáo dục gia đình

保存先:
書誌詳細
第一著者: NGUYỄN VĂN LÊ
フォーマット: 図書
言語:Undetermined
出版事項: Tp. HCM Tp. HCM 2001
主題:
タグ: タグ追加
タグなし, このレコードへの初めてのタグを付けませんか!
Thư viện lưu trữ: Trung tâm Học liệu Trường Đại học Cần Thơ
LEADER 00485nam a2200169Ia 4500
001 CTU_46571
008 210402s9999 xx 000 0 und d
082 |a 646.78 
082 |b L250 
100 |a NGUYỄN VĂN LÊ 
245 0 |a Văn hóa ứng xử trong giáo dục gia đình 
245 0 |c NGUYỄN VĂN LÊ 
260 |a Tp. HCM 
260 |b Tp. HCM 
260 |c 2001 
650 |a family life education 
980 |a Trung tâm Học liệu Trường Đại học Cần Thơ